Designing & Development of Wireless Charging System for Mobile Devices Using Electromagnetic Radiation Power / (Record no. 212159)

000 -LEADER
fixed length control field 00556 a2200157 4500
003 - CONTROL NUMBER IDENTIFIER
control field NUST
005 - DATE AND TIME OF LATEST TRANSACTION
control field 20251027142952.0
040 ## - CATALOGING SOURCE
Transcribing agency Nust
082 ## - DEWEY DECIMAL CLASSIFICATION NUMBER
Classification number 621.382,BUT
100 ## - MAIN ENTRY--PERSONAL NAME
Personal name Butt, Arshad, Uzair (TE-47)
9 (RLIN) 131570
245 ## - TITLE STATEMENT
Title Designing & Development of Wireless Charging System for Mobile Devices Using Electromagnetic Radiation Power /
Statement of responsibility, etc. Uzair Arshad Butt, Muhammad Muneeb Khalid, Babar Ali, Muhammad Zahran Mughal
260 ## - PUBLICATION, DISTRIBUTION, ETC.
Place of publication, distribution, etc. Rawalpindi
Name of publisher, distributor, etc. MCS (NUST)
Date of publication, distribution, etc. June-2014
650 ## - SUBJECT ADDED ENTRY--TOPICAL TERM
Topical term or geographic name entry element UG Project
9 (RLIN) 131132
651 ## - SUBJECT ADDED ENTRY--GEOGRAPHIC NAME
Geographic name UG EE Project
9 (RLIN) 131571
942 ## - ADDED ENTRY ELEMENTS (KOHA)
Source of classification or shelving scheme
Koha item type Project Report
Holdings
Withdrawn status Lost status Source of classification or shelving scheme Damaged status Not for loan Permanent Location Current Location Shelving location Date acquired Full call number Barcode Date last seen Price effective from Koha item type
          Military College of Signals (MCS) Military College of Signals (MCS) Reference 12/12/2016 621.382,BUT MCSPTE-237 12/08/2016 12/12/2016 Project Report
© 2023 Central Library, National University of Sciences and Technology. All Rights Reserved.